Library Banner

Sustainable energy (Record no. 61076)

MARC details
000 -LEADER
fixed length control field 00570nam a2200193Ia 4500
001 - CONTROL NUMBER
control field 60609
008 - FIXED-LENGTH DATA ELEMENTS--GENERAL INFORMATION
fixed length control field 141120s9999 xx 000 0 und d
020 ## - INTERNATIONAL STANDARD BOOK NUMBER
International Standard Book Number 9780415566865
040 ## - CATALOGING SOURCE
Transcribing agency PK-LaUMT
082 ## - DEWEY DECIMAL CLASSIFICATION NUMBER
Classification number 621.042
Item number SUS-
100 ## - MAIN ENTRY--PERSONAL NAME
Personal name John, Klaus D.
245 ## - TITLE STATEMENT
Title Sustainable energy
Remainder of title conference volume of the 7th chemnitz sympoium Europe and environment
Statement of responsibility, etc John, Klaus D.|Rubbelke, Dirk T. G.
260 ## - PUBLICATION, DISTRIBUTION, ETC. (IMPRINT)
Place of publication, distribution, etc London,UK:
Name of publisher, distributor, etc Routledge,
Date of publication, distribution, etc 2011
300 ## - PHYSICAL DESCRIPTION
Extent 162 p.
546 ## - LANGUAGE NOTE
Language note EN
650 ## - SUBJECT ADDED ENTRY--TOPICAL TERM
Topical term or geographic name as entry element Renewable energy sources
700 ## - ADDED ENTRY--PERSONAL NAME
Personal name Rubbelke, Dirk T. G.
942 ## - ADDED ENTRY ELEMENTS (KOHA)
Koha item type Books
Holdings
Withdrawn status Lost status Damaged status Not for loan Home library Current library Date acquired Total Checkouts Full call number Barcode Date last seen Price effective from Koha item type
        UMT Main Campus UMT Main Campus 2014-11-17   621.042 SUS- 79406 2014-11-20 2014-11-20 Books